000 00254nam a22001217a 4500
008 181123b xxu||||| |||| 00| 0 eng d
041 _aeng
080 _a043.3
100 _a0
101 _aBTH-ARK
245 _aFust Museum
_cShala, B
942 _2udc
_cBK
999 _c52430
_d52430